| 000 | 01050nam a22002897a 4500 | ||
|---|---|---|---|
| 999 |
_c2233 _d2233 |
||
| 003 | AR-CdUCM | ||
| 008 | 190304b ||||| |||| 00| 0 spa d | ||
| 020 | _a9972804356 | ||
| 040 |
_aMUNICIPALIDAD PROVINCIAL DEL CUSCO _cBIBLIOTECA MUNICIPAL DEL CUSCO |
||
| 082 |
_a363.61 / _bC26 |
||
| 100 |
_aCárdenas, Nora _98039 |
||
| 245 |
_aConstruyendo ciudadanía : _bEl derecho humano al agua / |
||
| 260 |
_aLima : _bCIES, _c2005. |
||
| 300 |
_a260 páginas ; _c20 cm. |
||
| 440 |
_aDiagnóstico y propuesta _n17 _98040 |
||
| 505 | _aMarco internacional sobre derecho al agua -- Marco normativo nacional -- El agua como recurso -- Hallazgos regionales -- Discusión de los hallazgos a la luz... | ||
| 650 |
_aDerecho al agua. _98041 |
||
| 650 |
_aMedio ambiente. _97215 |
||
| 650 |
_aAgua como recurso. _98042 |
||
| 700 |
_aMakovski, Pedro _98043 |
||
| 700 |
_aRodriguez, Enrique _98044 |
||
| 700 |
_aVargas, Lita _98045 |
||
| 700 |
_aVargas, Rosana _98046 |
||
| 700 |
_aCordero, Marisol _98047 |
||
| 942 |
_2ddc _cLIBROS |
||
| 945 |
_awfj _d2019-03-04 |
||